Science Quiz

Random Science or Chemistry Quiz

Scientist Phonetic Name Match II Quiz Stats

 Plays Quiz not verified by Sporcle

Support Sporcle.
Go Orange.
Score 0/10 Timer 01:00
0 Plays Today
% Correct
ˈnɪkoʊlə
93.5%
ˈtɑməs
82.5%
ˈlui
77.9%
nils
76.9%
kɑɹl
72.4%
ˌnɪkəˈleɪəs
71.3%
ˈɛdwɪn
57.3%
ˈfɹænsɪs
48.1%
dʒeɪmz
47.4%
ˈæntwɑn
46.7%

You're not logged in!

Compare scores with friends on all Sporcle quizzes.
OR
Log In

From the Vault

Complete the Title: 2010s TV Shows

by DIEGO1000

How will these TV shows ever end?
Remove Ads.
Support Sporcle.
Get the best of Sporcle when you Go Orange. This ad-free experience offers more features, more stats, and more fun while also helping to support Sporcle. Thank you for becoming a member.

Show Comments

Extras

Top Quizzes Today


Score Distribution

Your Account Isn't Verified!

In order to create a playlist on Sporcle, you need to verify the email address you used during registration. Go to your Sporcle Settings to finish the process.

Report this User

Report this user for behavior that violates our Community Guidelines.

Details: